[Event "25th Troya Open 2017"]
[Site "Canakkale"]
[Date "2017.08.08"]
[Round "2.7"]
[White "Alaz, Ahmet Efekan"]
[Black "Akin, Yagiz Cinar"]
[Result "1-0"]
[WhiteElo "2048"]
[BlackElo "1933"]
[Annotator "NA RC"]
[PlyCount "49"]
[EventCountry "TUR"]
[SourceTitle "playchess.com"]
[Source "ChessBase"]
[SourceQuality "1"]
[TimeControl "5400+30"]

{[%evp 8,46,22,-5,23,13,20,16,23,22,44,22,66,46,48,24,133,112,153,136,156,77,32767,32767,32767,32767,86,60,32767,32767,32767,32767,32767,166,146,158,227,244,221,256,711]} 1. d4 {[%emt 0:00:30]} Nf6 {[%emt 0:01:00]} 2. c4 {[%emt 0:04:30]} g6 {[%emt 0:01:30]} 3. Nc3 {[%emt 0:00:30]} d5 {[%emt 0:00:30]} 4. e3 {[%emt 0:00:00]} Bg7 {[%emt 0:00:30]} 5. Qb3 {[%emt 0:01:00]} c6 {[%emt 0:02:30]} 6. Nf3 {[%emt 0:00:30]} O-O {[%emt 0:03:30]} 7. Be2 {[%emt 0:00:30]} dxc4 {[%emt 0:06:30]} 8. Bxc4 {[%emt 0:00:30] LiveBook: 28 Games} e6 {[%emt 0:03:30] D95: Grünfeld: 4 Nf3 Bg7 5 e3 0-0 6 Qb3} (8... b5 9. Be2 a5 10. O-O Bf5 11. Bd2 a4 12. Qd1 Nbd7 13. Nh4 Be6 14. e4 b4 15. Nxa4 Qa5 16. b3 Nxe4 {0-1 (48) Drozdovskij,Y (2614)-Motylev,A (2685) Khanty-Mansiysk 2011}) 9. e4 {[%emt 0:10:30]} b5 $146 {[%emt 0:11:30]} ({Predecessor:} 9... b6 10. O-O Ba6 11. Rd1 Qc8 12. e5 Nd5 13. Ne4 Bxc4 14. Qxc4 Qa6 15. Qc2 h6 16. a3 {1-0 (32) Sucic,M (1960)-Ruzic,S (1932) Sv Filip i Jakov 2008}) 10. Be2 $1 {[%emt 0:00:30]} a6 {[%emt 0:04:30]} 11. O-O {[%emt 0:03:30]} Ne8 {[%emt 0:11:30]} (11... c5 $14) 12. e5 {[%emt 0:09:30]} Nd7 {[%emt 0:05:30]} 13. Bg5 {[%emt 0:04:30]} Qc7 {[%emt 0:05:30]} 14. Be7 {[%emt 0:03:30]} ({Better is} 14. a4) 14... Nxe5 {[%emt 0:03:30]} 15. Bxf8 {[%emt 0:00:00]} Nxf3+ {[%emt 0:00:00]} 16. Bxf3 {[%emt 0:00:00]} Bxf8 {[%emt 0:00:00]} 17. Rac1 {[%emt 0:06:30]} Bb7 {[%emt 0:12:30]} 18. d5 {[%emt 0:05:30]} exd5 {[%emt 0:04:30]} 19. Nxd5 {[%emt 0:00:30]} Qa5 {[%emt 0:01:30]} 20. Ne3 {[%emt 0:01:30]} Rc8 {[%emt 0:03:06]} 21. Rfd1 {[%emt 0:02:30]} Nd6 {[%emt 0:01:45]} (21... Nf6 $16 {was necessary.} 22. Qc3 Qxc3 23. Rxc3 Rc7) 22. Ng4 {[%emt 0:00:30]} Kg7 {[%emt 0:06:45]} 23. Qe3 {[%emt 0:03:30]} Kg8 $18 {[%emt 0:03:54]} (23... Qd8 24. Qd2 h5) 24. Nf6+ {[%emt 0:06:30]} Kh8 {[%emt 0:00:11]} 25. Rxd6 {[%emt 0:00:30]} 1-0

[Event "25th Troya Open 2017"]
[Site "Canakkale"]
[Date "2017.08.08"]
[Round "2.8"]
[White "Sahin, Handenur"]
[Black "Aliyev, Elnur"]
[Result "1/2-1/2"]
[WhiteElo "1910"]
[BlackElo "2150"]
[Annotator "TA"]
[PlyCount "148"]
[EventCountry "TUR"]
[SourceTitle "playchess.com"]
[Source "ChessBase"]
[SourceQuality "1"]

{[%evp 21,148,37,30,10,36,20,31,4,27,8,2,0,0,0,16,7,41,40,35,0,0,0,0,0,0,-137,-139,-158,-154,-147,-142,-149,-149,-165,-98,-150,0,0,0,0,2,-472,0,0,0,0,0,-53,0,0,0,-8,0,-20,0,0,0,0,0,0,0,0,0,0,0,-3,0,0,0,0,0,0,0,0,0,0,0,0,0,0,204,0,0,0,0,0,12843,12843,12844,0,0,0,0,0,0,0,0,0,0,0,29982,29983,29985,29986,29988,29988,29989,29990,29990,29989,29990,12851,29991,0,0,0,0,0,0,0,0,0,0,0,0,0,0,0,0]} 1. e4 c5 2. c3 g6 3. d4 cxd4 4. cxd4 d5 5. exd5 Bg7 6. Nc3 Nf6 7. Qb3 O-O 8. Be2 Nbd7 9. Bf3 Nb6 10. Nge2 Bf5 11. O-O Qd7 {LiveBook: 15 Games. B14: Caro-Kann: Panov-Botvinnik Attack with 5...e6 and 5...g6} 12. Rd1 Rfd8 {[%cal Rb6d5]} 13. d6 exd6 14. Bf4 (14. a4 $5 {[%cal Ra4a5]} Bg4 15. Bxg4 Qxg4 16. h3 $14) 14... h6 $146 ({Predecessor:} 14... d5 15. Rac1 Be4 16. Bxe4 Nxe4 17. Nb5 Nc4 18. h3 g5 19. Be3 Re8 {½-½ (19) Horvath,J (2515)-Okhotnik,V (2405) Zalakaros 1998}) 15. Ng3 (15. a4 $5 {[%cal Ra4a5]} d5 16. Be5 $11) 15... Bg4 16. Nce4 Nxe4 17. Nxe4 Bxf3 18. Qxf3 Qf5 19. g4 ({Much weaker is} 19. Bxd6 Qxf3 20. gxf3 f5 $15) 19... Qb5 20. d5 (20. a4 $5 Qb4 21. Bd2 $14) 20... Nc4 21. g5 h5 22. b3 Ne5 23. Qg3 (23. Bxe5 $11 Bxe5 24. Rac1) 23... Qe2 $17 24. Nf6+ Bxf6 $1 25. gxf6 Re8 $1 26. Bxe5 Rxe5 27. f4 Re3 ({Better is} 27... Re4 $19 28. Qe1 Qg4+ 29. Qg3 Qf5) 28. Qg5 (28. Qg2 $142) 28... Qg4+ (28... Rh3 $17 29. Qg2 Qe3+ 30. Qf2 Qe4) 29. Qxg4 $11 hxg4 {[%mdl 4096] Endgame KRR-KRR} 30. Re1 Rae8 31. Kf2 $2 {[%mdl 8192]} (31. Rxe3 $11 Rxe3 32. Rc1) 31... Rf3+ $2 ({Black should play} 31... Rxe1 $1 $19 32. Rxe1 Rxe1 33. Kxe1 g5 $1 {[%mdl 512]}) 32. Kg2 Rxe1 33. Rxe1 Rxf4 {KR-KR} 34. Re8+ Kh7 35. Re7 Rxf6 36. Rxb7 Kg7 37. Rd7 a5 38. Kg3 Rf3+ 39. Kxg4 Rf2 40. Rxd6 Rxa2 41. Ra6 Rxh2 42. Rxa5 Rb2 43. Rb5 Kf6 44. Kf4 Rb1 45. Rb6+ Kg7 46. Ke5 f6+ 47. Ke6 Re1+ 48. Kd7 g5 49. Re6 Rb1 50. Re3 f5 $2 {[#]} (50... Rd1 $11 {and Black has nothing to worry.}) 51. Ke6 $2 (51. Rd3 $1 $18) 51... f4 52. Re5 Kg6 {Hoping for ...f3.} ({But not} 52... Rxb3 $6 53. d6 $16) 53. d6 {[%cal Bd5d6,Bd6d7][%mdl 32] aiming for d7.} Rxb3 $2 {[%mdl 8192]} (53... Rd1 $11 54. d7 f3) 54. d7 $18 Rb8 {[#]} 55. Rc5 $2 ({White has to play} 55. Kd6 $1 $18 f3 56. Re8) 55... Rd8 $1 $11 56. Ke7 (56. Rc6 $5 {[%cal Re6e7]} Rxd7 57. Kxd7+ Kf5 58. Ke7 $11) 56... Rh8 57. Rc8 Rh7+ 58. Ke6 Rxd7 $1 59. Kxd7 {KR-KPP} Kf5 60. Kd6 g4 $2 {[%mdl 8192]} (60... Ke4 $11) 61. Kd5 g3 62. Rf8+ Kg4 63. Ke4 Kh3 64. Kf3 {[%cal Rf8h8]} Kh2 65. Ra8 g2 66. Rh8+ Kg1 67. Ke2 $2 (67. Rg8 {mates} Kf1 68. Rxg2 Ke1 69. Kxf4 Kf1 70. Rd2 Ke1 71. Ke3 Kf1 72. Kf3 Kg1 73. Rd7 Kh2 74. Rd1 Kh3 75. Rh1#) 67... f3+ {The position is equal.} 68. Kxf3 {Rg8 would kill now. KR-KP} Kf1 69. Ra8 {[%cal Ra8a1]} g1=N+ 70. Ke3 Kg2 71. Rh8 Kg3 72. Rg8+ Kh2 73. Kf2 {Intending Rh8+ and mate.} Nh3+ 74. Kf1 Nf4 {Precision: White = 55%, Black = 59%.} 1/2-1/2

[Event "25th Troya Open 2017"]
[Site "Canakkale"]
[Date "2017.08.08"]
[Round "2.9"]
[White "Pisirici, Necmettin Arda"]
[Black "Ozkurt, Kutay"]
[Result "1/2-1/2"]
[WhiteElo "1606"]
[BlackElo "1686"]
[Annotator "NA RC"]
[PlyCount "79"]
[EventCountry "TUR"]
[SourceTitle "playchess.com"]
[Source "ChessBase"]
[SourceQuality "1"]
[TimeControl "5400+30"]

1. Nf3 {[%emt 0:00:30]} d5 {[%emt 0:07:00]} 2. d3 {[%emt 0:01:30]} Nf6 {[%emt 0:01:30]} 3. g3 {[%emt 0:00:00]} Bg4 {[%emt 0:00:00]} 4. Nbd2 {[%emt 0:00:00]} Nc6 {[%emt 0:01:00]} 5. Bg2 {[%emt 0:01:30]} e5 {[%emt 0:02:30]} 6. O-O {[%emt 0:03:30]} Bd6 {[%emt 0:04:30]} 7. c4 {[%emt 0:11:30]} Rb8 {[%emt 0:14:30]} 8. cxd5 {[%emt 0:15:30]} Nxd5 {[%emt 0:01:30]} 9. Nc4 {[%emt 0:07:30]} Nf6 {[%emt 0:02:30]} 10. b3 {[%emt 0:17:30]} O-O {[%emt 0:01:30]} 11. Bb2 {[%emt 0:00:30]} Re8 {[%emt 0:00:00]} 12. Ng5 {[%emt 0:01:30]} Nd4 {[%emt 0:03:00]} 13. Bxd4 {[%emt 0:02:30]} exd4 {[%emt 0:00:30]} 14. Ne4 {[%emt 0:00:30]} Nxe4 {[%emt 0:00:30]} 15. Bxe4 {[%emt 0:00:00]} Bc5 {[%emt 0:00:30]} 16. Nd2 {[%emt 0:02:00]} Bb4 {[%emt 0:07:30]} 17. Bf3 {[%emt 0:07:30]} h5 {[%emt 0:00:30]} 18. Bxg4 {[%emt 0:01:30]} hxg4 {[%emt 0:00:30]} 19. Rc1 {[%emt 0:00:30]} g6 {[%emt 0:00:30]} 20. Rc4 {[%emt 0:00:30]} Ba5 {[%emt 0:01:30]} 21. b4 {[%emt 0:01:30]} Bb6 {[%emt 0:01:30]} 22. a4 {[%emt 0:01:30]} c6 {[%emt 0:00:30]} 23. Nb3 {[%emt 0:02:30]} a6 {[%emt 0:00:30]} 24. Re1 {[%emt 0:00:30]} Qd5 {[%emt 0:02:30]} 25. Qd2 {[%emt 0:00:30]} Kg7 {[%emt 0:03:30]} 26. Qf4 {[%emt 0:01:19]} Rh8 {[%emt 0:00:30]} 27. Qxg4 {[%emt 0:00:53]} Rxh2 {[%emt 0:01:30]} 28. Kxh2 {[%emt 0:04:25]} Rh8+ {[%emt 0:00:30]} 29. Qh3 {[%emt 0:00:07]} Rxh3+ {[%emt 0:00:30]} 30. Kxh3 {[%emt 0:00:06]} f5 {[%emt 0:00:30]} 31. Nc5 {[%emt 0:02:57]} f4 {[%emt 0:08:30]} 32. Kh2 {[%emt 0:03:20]} Bc7 {[%emt 0:00:30]} 33. Ne4 {[%emt 0:00:17]} b6 {[%emt 0:03:30]} 34. Kg2 {[%emt 0:01:53]} a5 {[%emt 0:07:30]} 35. bxa5 {[%emt 0:00:41]} Qxa5 {[%emt 0:00:00]} 36. Rec1 {[%emt 0:00:35]} c5 {[%emt 0:00:00]} 37. Kf3 {[%emt 0:00:59]} Qa8 {[%emt 0:00:30]} 38. Rg1 {[%emt 0:01:00]} Qf8 {[%emt 0:00:30]} 39. gxf4 {[%emt 0:01:10]} Bxf4 {[%emt 0:01:30]} 40. Kg2 {[%emt 0:00:17]} 1/2-1/2

[Event "25th Troya Open 2017"]
[Site "Canakkale"]
[Date "2017.08.08"]
[Round "2.10"]
[White "Sozbir, Levent Erinc"]
[Black "Celik, Akarsu Bengi"]
[Result "0-1"]
[WhiteElo "1553"]
[BlackElo "1445"]
[Annotator "NA RC"]
[PlyCount "98"]
[EventCountry "TUR"]
[SourceTitle "playchess.com"]
[Source "ChessBase"]
[SourceQuality "1"]
[TimeControl "5400+30"]

1. d4 {[%emt 0:05:30]} d5 {[%emt 0:01:00]} 2. c4 {[%emt 0:00:00]} e6 {[%emt 0:01:30]} 3. e3 {[%emt 0:00:00]} Nf6 {[%emt 0:00:30]} 4. Nc3 {[%emt 0:00:30]} c6 {[%emt 0:02:30]} 5. Nf3 {[%emt 0:00:30]} Be7 {[%emt 0:04:30]} 6. Bd3 {[%emt 0:00:30]} O-O {[%emt 0:00:30]} 7. O-O {[%emt 0:00:30]} b6 {[%emt 0:04:30]} 8. e4 {[%emt 0:01:30]} dxe4 {[%emt 0:05:30]} 9. Nxe4 {[%emt 0:00:00]} Nbd7 {[%emt 0:01:30]} 10. Qc2 {[%emt 0:02:00]} Bb7 {[%emt 0:07:30]} 11. Bf4 {[%emt 0:14:30]} Nxe4 {[%emt 0:10:30]} 12. Bxe4 {[%emt 0:01:30]} Nf6 {[%emt 0:01:30]} 13. Rfd1 {[%emt 0:06:30]} Nxe4 {[%emt 0:10:30]} 14. Qxe4 {[%emt 0:00:30]} Bf6 {[%emt 0:03:30]} 15. Be5 {[%emt 0:02:30]} Bxe5 {[%emt 0:04:30]} 16. Qxe5 {[%emt 0:01:30]} Re8 {[%emt 0:01:30]} 17. Rac1 {[%emt 0:09:30]} Qe7 {[%emt 0:02:30]} 18. Nd2 {[%emt 0:07:30]} Rad8 {[%emt 0:04:30]} 19. Qe3 {[%emt 0:03:30]} Rd7 {[%emt 0:02:30]} 20. Nb3 {[%emt 0:10:30]} Red8 {[%emt 0:02:30]} 21. Rd2 {[%emt 0:00:30]} Qf6 {[%emt 0:03:30]} 22. Rcd1 {[%emt 0:00:30]} h6 {[%emt 0:01:30]} 23. f3 {[%emt 0:08:30]} Ba6 {[%emt 0:03:49]} 24. Qc3 {[%emt 0:07:24]} c5 {[%emt 0:05:03]} 25. dxc5 {[%emt 0:00:50]} Qxc3 {[%emt 0:00:07]} 26. bxc3 {[%emt 0:00:00]} Rxd2 {[%emt 0:00:12]} 27. Rxd2 {[%emt 0:00:08]} Rxd2 {[%emt 0:00:03]} 28. Nxd2 {[%emt 0:00:00]} bxc5 {[%emt 0:00:15]} 29. Kf2 {[%emt 0:00:26]} Kf8 {[%emt 0:00:17]} 30. Ke3 {[%emt 0:03:35]} Ke7 {[%emt 0:00:15]} 31. Kd3 {[%emt 0:03:39]} Kd6 {[%emt 0:00:28]} 32. f4 {[%emt 0:00:15]} Bb7 {[%emt 0:03:26]} 33. g3 {[%emt 0:00:48]} f5 {[%emt 0:01:00]} 34. Nf1 {[%emt 0:05:31]} a5 {[%emt 0:03:04]} 35. Ne3 {[%emt 0:02:25]} Be4+ {[%emt 0:01:49]} 36. Ke2 {[%emt 0:00:44]} g5 {[%emt 0:01:19]} 37. h4 {[%emt 0:01:56]} gxf4 {[%emt 0:02:14]} 38. gxf4 {[%emt 0:00:01]} e5 {[%emt 0:00:06]} 39. fxe5+ {[%emt 0:00:58]} Kxe5 {[%emt 0:00:01]} 40. a3 {[%emt 0:00:04]} h5 {[%emt 0:00:30]} 41. Kf2 {[%emt 0:02:10]} f4 {[%emt 0:01:31]} 42. Nf1 {[%emt 0:00:31]} Bd3 {[%emt 0:01:47]} 43. Nd2 {[%emt 0:00:04]} a4 {[%emt 0:00:06]} 44. Kg2 {[%emt 0:01:24]} Kf5 {[%emt 0:00:59]} 45. Kh3 {[%emt 0:00:27]} Be2 {[%emt 0:01:07]} 46. Kh2 {[%emt 0:00:17]} Bd3 {[%emt 0:02:41]} 47. Kh3 {[%emt 0:00:12]} Be2 {[%emt 0:00:16]} 48. Kg2 {[%emt 0:00:29]} Kg4 {[%emt 0:00:23]} 49. Ne4 {[%emt 0:00:30]} Bf3+ {[%emt 0:00:00]} 0-1

[Event "25th Troya Open 2017"]
[Site "Canakkale"]
[Date "2017.08.08"]
[Round "2.11"]
[White "Cakin, Hasan Ali"]
[Black "Cakin, Ahmet Burak"]
[Result "0-1"]
[WhiteElo "1560"]
[BlackElo "1653"]
[Annotator "NA RC"]
[PlyCount "72"]
[EventCountry "TUR"]
[SourceTitle "playchess.com"]
[Source "ChessBase"]
[SourceQuality "1"]
[TimeControl "5400+30"]

1. d4 {[%emt 0:00:30]} d5 {[%emt 0:01:00]} 2. Nf3 {[%emt 0:00:30]} Nf6 {[%emt 0:00:30]} 3. c4 {[%emt 0:00:30]} c6 {[%emt 0:00:30]} 4. Nc3 {[%emt 0:00:30]} e6 {[%emt 0:00:30]} 5. Bg5 {[%emt 0:00:30]} Nbd7 {[%emt 0:01:30]} 6. e3 {[%emt 0:00:00]} Be7 {[%emt 0:01:30]} 7. Bd3 {[%emt 0:07:00]} dxc4 {[%emt 0:01:30]} 8. Bxc4 {[%emt 0:00:30]} b5 {[%emt 0:00:30]} 9. Bd3 {[%emt 0:00:30]} a6 {[%emt 0:01:30]} 10. O-O {[%emt 0:01:30]} Bb7 {[%emt 0:06:30]} 11. Rc1 {[%emt 0:01:30]} Rc8 {[%emt 0:09:30]} 12. Re1 {[%emt 0:02:30]} O-O {[%emt 0:00:30]} 13. e4 {[%emt 0:00:30]} c5 {[%emt 0:00:30]} 14. e5 {[%emt 0:00:30]} Nd5 {[%emt 0:00:30]} 15. Bxe7 {[%emt 0:00:30]} Qxe7 {[%emt 0:00:30]} 16. Nxd5 {[%emt 0:01:30]} Bxd5 {[%emt 0:01:30]} 17. dxc5 {[%emt 0:00:00]} Rxc5 {[%emt 0:09:30]} 18. b3 {[%emt 0:01:00]} Bxf3 {[%emt 0:00:30]} 19. Qxf3 {[%emt 0:00:30]} Rxe5 {[%emt 0:00:30]} 20. Red1 {[%emt 0:01:30]} Rd5 {[%emt 0:10:30]} 21. Be4 {[%emt 0:04:30]} Rxd1+ {[%emt 0:01:30]} 22. Qxd1 {[%emt 0:00:30]} Nf6 {[%emt 0:03:30]} 23. Bb1 {[%emt 0:00:30]} Rd8 {[%emt 0:00:30]} 24. Qc2 {[%emt 0:01:30]} g6 {[%emt 0:00:30]} 25. Qc6 {[%emt 0:00:30]} Rd6 {[%emt 0:00:30]} 26. Qc8+ {[%emt 0:01:30]} Kg7 {[%emt 0:00:30]} 27. h3 {[%emt 0:00:00]} Qd8 {[%emt 0:02:30]} 28. Qxd8 {[%emt 0:03:00]} Rxd8 {[%emt 0:00:30]} 29. g4 {[%emt 0:03:30]} b4 {[%emt 0:01:30]} 30. g5 {[%emt 0:00:30]} Nd5 {[%emt 0:00:30]} 31. Kg2 {[%emt 0:03:30]} Nc3 {[%emt 0:02:30]} 32. a3 {[%emt 0:00:30]} a5 {[%emt 0:06:30]} 33. axb4 {[%emt 0:02:30]} axb4 {[%emt 0:00:00]} 34. h4 {[%emt 0:00:30]} Rd2 {[%emt 0:00:00]} 35. Kf3 {[%emt 0:00:30]} Rb2 {[%emt 0:01:30]} 36. Bc2 {[%emt 0:00:30]} Na2 {[%emt 0:00:30]} 0-1

[Event "25th Troya Open 2017"]
[Site "Canakkale"]
[Date "2017.08.08"]
[Round "2.12"]
[White "Koc, Serkan"]
[Black "Ozgur, Sina"]
[Result "0-1"]
[WhiteElo "1721"]
[BlackElo "1512"]
[Annotator "NA RC"]
[PlyCount "96"]
[EventCountry "TUR"]
[SourceTitle "playchess.com"]
[Source "ChessBase"]
[SourceQuality "1"]
[TimeControl "5400+30"]

1. e4 {[%emt 0:00:30]} e5 {[%emt 0:01:00]} 2. Nf3 {[%emt 0:00:30]} Nc6 {[%emt 0:00:30]} 3. Bc4 {[%emt 0:00:30]} Nf6 {[%emt 0:00:30]} 4. Ng5 {[%emt 0:00:30]} d5 {[%emt 0:00:30]} 5. exd5 {[%emt 0:00:30]} Na5 {[%emt 0:00:30]} 6. Bb5+ {[%emt 0:00:30]} c6 {[%emt 0:00:30]} 7. dxc6 {[%emt 0:00:30]} bxc6 {[%emt 0:00:30]} 8. Be2 {[%emt 0:00:30]} h6 {[%emt 0:00:30]} 9. Nf3 {[%emt 0:00:30]} e4 {[%emt 0:00:30]} 10. Ne5 {[%emt 0:00:30]} Bc5 {[%emt 0:00:00]} 11. c3 {[%emt 0:00:00]} Qc7 {[%emt 0:03:00]} 12. d4 {[%emt 0:05:00]} exd3 {[%emt 0:04:30]} 13. Nxd3 {[%emt 0:00:30]} Bd6 {[%emt 0:00:30]} 14. f4 {[%emt 0:07:30]} Nd5 {[%emt 0:05:30]} 15. Qa4 {[%emt 0:05:30]} O-O {[%emt 0:07:30]} 16. O-O {[%emt 0:01:30]} Qb6+ {[%emt 0:10:30]} 17. Qd4 {[%emt 0:03:30]} Qxd4+ {[%emt 0:04:30]} 18. cxd4 {[%emt 0:00:30]} Re8 {[%emt 0:02:30]} 19. Nc3 {[%emt 0:03:30]} Nxc3 {[%emt 0:00:30]} 20. Bh5 {[%emt 0:02:30]} Ne2+ {[%emt 0:01:30]} 21. Bxe2 {[%emt 0:07:30]} Rxe2 {[%emt 0:01:30]} 22. b3 {[%emt 0:01:30]} Ba6 {[%emt 0:01:30]} 23. Rd1 {[%emt 0:11:30]} Bxd3 {[%emt 0:01:30]} 24. Rxd3 {[%emt 0:00:00]} Re1+ {[%emt 0:00:30]} 25. Kf2 {[%emt 0:00:00]} Rae8 {[%emt 0:00:30]} 26. Kf3 {[%emt 0:05:30]} Rf1+ {[%emt 0:00:30]} 27. Kg4 {[%emt 0:01:30]} Ree1 {[%emt 0:00:30]} 28. Rf3 {[%emt 0:01:30]} Rg1 {[%emt 0:01:30]} 29. b4 {[%emt 0:05:30]} Nb7 {[%emt 0:03:30]} 30. Rc3 {[%emt 0:00:30]} Rxg2+ {[%emt 0:00:30]} 31. Kh3 {[%emt 0:03:30]} Rgg1 {[%emt 0:01:30]} 32. Rxc6 {[%emt 0:00:30]} Ref1 {[%emt 0:07:30]} 33. Rc3 {[%emt 0:02:30]} Kh7 {[%emt 0:02:30]} 34. a4 {[%emt 0:02:30]} Bxb4 {[%emt 0:01:30]} 35. Rb3 {[%emt 0:08:30]} a5 {[%emt 0:00:30]} 36. Rg3 {[%emt 0:01:50]} Rh1 {[%emt 0:00:30]} 37. Ra2 {[%emt 0:01:23]} Rxc1 {[%emt 0:01:30]} 38. Rag2 {[%emt 0:00:45]} Bf8 {[%emt 0:01:30]} 39. Rb3 {[%emt 0:06:27]} Rb1 {[%emt 0:03:30]} 40. Rc3 {[%emt 0:01:10]} Rhc1 {[%emt 0:00:30]} 41. Re3 {[%emt 0:00:41]} Nd6 {[%emt 0:00:30]} 42. Re5 {[%emt 0:01:14]} Rc3+ {[%emt 0:01:30]} 43. Kg4 {[%emt 0:05:35]} Rbb3 {[%emt 0:01:30]} 44. Rg3 {[%emt 0:03:43]} Rxg3+ {[%emt 0:00:00]} 45. hxg3 {[%emt 0:00:00]} Nc4 {[%emt 0:01:00]} 46. Re8 {[%emt 0:00:20]} Bd6 {[%emt 0:00:30]} 47. Rc8 {[%emt 0:01:02]} Rb4 {[%emt 0:00:30]} 48. Re8 {[%emt 0:01:35]} Rxa4 {[%emt 0:00:00]} 0-1